000 00455nam a2200169Ia 4500
008 090201s9999 xx 000 0 und d
010 _aKPL-12074
040 _bइंग्रजी
041 _aइंग्रजी
082 _a26502
_b12074
100 _agric allen
245 _amarshal from whiskay smith
_cgric allen
260 _c2004
_bace books
300 _a112
_bमोठा
600 _amarshal from whiskay smith
942 _cBOOK
999 _c225560
_d225560